<?xml version="1.0" encoding="UTF-8"?>
<record
    xmlns:xsi="http://www.w3.org/2001/XMLSchema-instance"
    xsi:schemaLocation="http://www.loc.gov/MARC21/slim http://www.loc.gov/standards/marcxml/schema/MARC21slim.xsd"
    xmlns="http://www.loc.gov/MARC21/slim">

  <leader>01809cam a2200253 a 4500</leader>
  <controlfield tag="001">78825</controlfield>
  <controlfield tag="003">BD-RjUL</controlfield>
  <controlfield tag="005">20220120124127.0</controlfield>
  <controlfield tag="008">211118m19311933ua h          000 0dara  </controlfield>
  <datafield tag="035" ind1=" " ind2=" ">
    <subfield code="a">(BD-RjUL)79052</subfield>
  </datafield>
  <datafield tag="040" ind1=" " ind2=" ">
    <subfield code="a">TEF</subfield>
    <subfield code="c">NLM</subfield>
    <subfield code="d">WAU</subfield>
    <subfield code="d">TEF</subfield>
    <subfield code="d">CGC</subfield>
    <subfield code="b">eng</subfield>
  </datafield>
  <datafield tag="041" ind1=" " ind2=" ">
    <subfield code="a">ara</subfield>
  </datafield>
  <datafield tag="082" ind1=" " ind2=" ">
    <subfield code="2">23</subfield>
    <subfield code="a">953.174924</subfield>
    <subfield code="b">IBS 1930-33</subfield>
  </datafield>
  <datafield tag="100" ind1="1" ind2=" ">
    <subfield code="a">&#x627;&#x628;&#x646; &#x627;&#x644;&#x639;&#x645;&#x627;&#x62F;&#x60C; &#x639;&#x628;&#x62F; &#x627;&#x644;&#x62D;&#x64A; &#x628;&#x646; &#x627;&#x62D;&#x645;&#x62F;&#x60C;;; Ibn al-&#x2BF;Im&#x101;d, &#x2BF;Abd al-&#x1E24;ayy ibn A&#x1E25;mad,</subfield>
    <subfield code="d">1623-1679.</subfield>
    <subfield code="9">250192</subfield>
  </datafield>
  <datafield tag="245" ind1="1" ind2="0">
    <subfield code="a">&#x634;&#x630;&#x631;&#x627;&#x62A; &#x627;&#x644;&#x630;&#x647;&#x628; &#x641;&#x64A; &#x627;&#x62E;&#x628;&#x627;&#x631; &#x645;&#x646; &#x630;&#x647;&#x628; ;; Shadhar&#x101;t al-dhahab f&#x12B; akhb&#x101;r man dhahab /</subfield>
    <subfield code="c">&#x644;&#x627;&#x628;&#x64A; &#x627;&#x644;&#x641;&#x644;&#x627;&#x62D; &#x639;&#x628;&#x62F; &#x627;&#x644;&#x62D;&#x64A; &#x628;&#x646; &#x627;&#x644;&#x639;&#x645;&#x627;&#x62F; &#x627;&#x644;&#x62D;&#x646;&#x628;&#x644;&#x64A; &#x61B; &#x639;&#x646; &#x646;&#x633;&#x62E;&#x629; &#x627;&#x644;&#x645;&#x635;&#x646;&#x641; &#x627;&#x644;&#x645;&#x62D;&#x641;&#x648;&#x638;&#x629; &#x641;&#x64A; &#x62F;&#x627;&#x631; &#x627;&#x644;&#x643;&#x62A;&#x628; &#x627;&#x644;&#x645;&#x635;&#x631;&#x64A;&#x629; &#x627;&#x644;&#x639;&#x627;&#x645;&#x631;&#x629;&#x60C; &#x645;&#x639; &#x645;&#x642;&#x627;&#x628;&#x644;&#x629; &#x628;&#x639;&#x636;&#x647;&#x627; &#x628;&#x646;&#x633;&#x62E;&#x62A;&#x64A;&#x646; &#x641;&#x64A; &#x627;&#x644;&#x62F;&#x627;&#x631; &#x627;&#x64A;&#x636;&#x646;&#x60C; &#x628;&#x639;&#x62F;&#x647;&#x627; &#x628;&#x646;&#x633;&#x62E;&#x629; &#x627;&#x644;&#x627;&#x645;&#x64A;&#x631; &#x639;&#x628;&#x62F; &#x627;&#x644;&#x642;&#x627;&#x62F;&#x631; &#x627;&#x644;&#x62C;&#x632;&#x627;&#x626;&#x631;&#x64A;.li-Ab&#x12B; al-Fall&#x101;&#x1E25; &#x2BF;Abd al-&#x1E24;ayy ibn al-&#x2BF;Im&#x101;d al-&#x1E24;anbal&#x12B; ; &#x2BF;an nuskhat al-mu&#x1E63;annaf al-ma&#x1E25;f&#x16B;&#x1E93;ah f&#x12B; D&#x101;r al-Kutub al-Mi&#x1E63;r&#x12B;yah al-&#x2BF;&#x100;mirah, ma&#x2BF;a muq&#x101;bilah ba&#x2BF;&#x1E0D;uh&#x101; bi-nuskhatayn f&#x12B; al-D&#x101;r ay&#x1E0D;an, ba&#x2BF;duh&#x101; bi-nuskhat al-Am&#x12B;r &#x2BF;Abd al-Q&#x101;dir al-Jaz&#x101;&#x2BC;ir&#x12B;.</subfield>
  </datafield>
  <datafield tag="260" ind1=" " ind2=" ">
    <subfield code="a">[&#x627;&#x644;&#x642;&#x627;&#x647;&#x631;&#x629;] : ;; [al-Q&#x101;hirah] :</subfield>
    <subfield code="b">&#x645;&#x643;&#x62A;&#x628;&#x629; &#x627;&#x644;&#x642;&#x62F;&#x633;&#x64A;&#x60C;;; Maktabat al-Quds&#x12B;,</subfield>
    <subfield code="c">1350-1351 [1931 or 1932-1932 or 33]</subfield>
  </datafield>
  <datafield tag="300" ind1=" " ind2=" ">
    <subfield code="a">8 v. in 4 ;</subfield>
    <subfield code="c">25 cm.</subfield>
  </datafield>
  <datafield tag="505" ind1="0" ind2=" ">
    <subfield code="a">juz&#x2BC; 1. Sanat 1-200 H. -- juz&#x2BC; 2. Sanat 201-349 H. -- juz&#x2BC; 3. Sanat 350-500 H. -- juz&#x2BC; 4. Sanat 501-600 H. -- juz&#x2BC; 5. Sanat 601-700 H. --juz&#x2BC; 6. Sanat 701-800 H. -- juz&#x2BC; 7. Sanat 801-900 H. -- juz&#x2BC; 8. Sanat 901-1000 H.</subfield>
  </datafield>
  <datafield tag="650" ind1="1" ind2="2">
    <subfield code="a">Islam</subfield>
    <subfield code="v">Biography.</subfield>
    <subfield code="9">250193</subfield>
  </datafield>
  <datafield tag="650" ind1="2" ind2="2">
    <subfield code="a">Arab World</subfield>
    <subfield code="v">Biography.</subfield>
    <subfield code="9">250194</subfield>
  </datafield>
  <datafield tag="650" ind1=" " ind2="0">
    <subfield code="a">Muslims</subfield>
    <subfield code="v">Biography.</subfield>
    <subfield code="9">250195</subfield>
  </datafield>
  <datafield tag="651" ind1=" " ind2="0">
    <subfield code="a">Islamic countries</subfield>
    <subfield code="x">History</subfield>
    <subfield code="v">Chronology.</subfield>
    <subfield code="9">250196</subfield>
  </datafield>
  <datafield tag="942" ind1=" " ind2=" ">
    <subfield code="2">ddc</subfield>
    <subfield code="c">BK</subfield>
  </datafield>
  <datafield tag="999" ind1=" " ind2=" ">
    <subfield code="c">78825</subfield>
    <subfield code="d">78825</subfield>
  </datafield>
  <datafield tag="952" ind1=" " ind2=" ">
    <subfield code="0">0</subfield>
    <subfield code="1">0</subfield>
    <subfield code="2">ddc</subfield>
    <subfield code="4">0</subfield>
    <subfield code="7">1</subfield>
    <subfield code="8">NFIC</subfield>
    <subfield code="a">RUCL</subfield>
    <subfield code="b">RUCL</subfield>
    <subfield code="c">Reading</subfield>
    <subfield code="d">2021-11-18</subfield>
    <subfield code="o">A 953.174924 IBS V-3 1931</subfield>
    <subfield code="r">2021-11-18 00:00:00</subfield>
    <subfield code="t">C-1</subfield>
    <subfield code="y">BK</subfield>
  </datafield>
  <datafield tag="952" ind1=" " ind2=" ">
    <subfield code="0">0</subfield>
    <subfield code="1">0</subfield>
    <subfield code="2">ddc</subfield>
    <subfield code="4">0</subfield>
    <subfield code="7">1</subfield>
    <subfield code="8">NFIC</subfield>
    <subfield code="a">RUCL</subfield>
    <subfield code="b">RUCL</subfield>
    <subfield code="c">Reading</subfield>
    <subfield code="d">2021-11-18</subfield>
    <subfield code="o">A 953.174924 IBS V-4 1932</subfield>
    <subfield code="r">2021-11-18 00:00:00</subfield>
    <subfield code="t">C-1</subfield>
    <subfield code="y">BK</subfield>
  </datafield>
  <datafield tag="952" ind1=" " ind2=" ">
    <subfield code="0">0</subfield>
    <subfield code="1">0</subfield>
    <subfield code="2">ddc</subfield>
    <subfield code="4">0</subfield>
    <subfield code="7">1</subfield>
    <subfield code="8">NFIC</subfield>
    <subfield code="a">RUCL</subfield>
    <subfield code="b">RUCL</subfield>
    <subfield code="c">Reading</subfield>
    <subfield code="d">2021-11-18</subfield>
    <subfield code="o">A 953.174924 IBS V-5 1932</subfield>
    <subfield code="r">2021-11-18 00:00:00</subfield>
    <subfield code="t">C-1</subfield>
    <subfield code="y">BK</subfield>
  </datafield>
  <datafield tag="952" ind1=" " ind2=" ">
    <subfield code="0">0</subfield>
    <subfield code="1">0</subfield>
    <subfield code="2">ddc</subfield>
    <subfield code="4">0</subfield>
    <subfield code="7">1</subfield>
    <subfield code="8">NFIC</subfield>
    <subfield code="a">RUCL</subfield>
    <subfield code="b">RUCL</subfield>
    <subfield code="c">Reading</subfield>
    <subfield code="d">1964-04-14</subfield>
    <subfield code="e">Urdu lib, </subfield>
    <subfield code="g">712.00</subfield>
    <subfield code="o">A 953.174924 IBS V-8 1930-33</subfield>
    <subfield code="r">2021-12-22 00:00:00</subfield>
    <subfield code="t">C-1</subfield>
    <subfield code="y">BK</subfield>
  </datafield>
  <datafield tag="952" ind1=" " ind2=" ">
    <subfield code="0">0</subfield>
    <subfield code="1">0</subfield>
    <subfield code="2">ddc</subfield>
    <subfield code="4">0</subfield>
    <subfield code="7">1</subfield>
    <subfield code="8">NFIC</subfield>
    <subfield code="a">RUCL</subfield>
    <subfield code="b">RUCL</subfield>
    <subfield code="c">Reading</subfield>
    <subfield code="d">1964-04-17</subfield>
    <subfield code="e">Urdu Library, Rajshahi</subfield>
    <subfield code="g">89.00</subfield>
    <subfield code="o">A 953.174924 IBS V -2 1930-33</subfield>
    <subfield code="r">2022-01-25 00:00:00</subfield>
    <subfield code="t">C-1</subfield>
    <subfield code="y">BK</subfield>
  </datafield>
  <datafield tag="952" ind1=" " ind2=" ">
    <subfield code="0">0</subfield>
    <subfield code="1">0</subfield>
    <subfield code="2">ddc</subfield>
    <subfield code="4">0</subfield>
    <subfield code="7">1</subfield>
    <subfield code="8">NFIC</subfield>
    <subfield code="a">RUCL</subfield>
    <subfield code="b">RUCL</subfield>
    <subfield code="c">Reading</subfield>
    <subfield code="d">1964-04-17</subfield>
    <subfield code="e">Urdu Library, Rajshahi</subfield>
    <subfield code="g">89.00</subfield>
    <subfield code="l">0</subfield>
    <subfield code="o">A 953.174924 IBS 1930-33</subfield>
    <subfield code="r">2022-01-25 00:00:00</subfield>
    <subfield code="t">C-1</subfield>
    <subfield code="w">2022-01-25</subfield>
    <subfield code="y">BK</subfield>
  </datafield>
  <datafield tag="952" ind1=" " ind2=" ">
    <subfield code="0">0</subfield>
    <subfield code="1">0</subfield>
    <subfield code="2">ddc</subfield>
    <subfield code="4">0</subfield>
    <subfield code="7">1</subfield>
    <subfield code="8">NFIC</subfield>
    <subfield code="a">RUCL</subfield>
    <subfield code="b">RUCL</subfield>
    <subfield code="c">Reading</subfield>
    <subfield code="d">1964-04-17</subfield>
    <subfield code="e">Urdu Library, Rajshahi</subfield>
    <subfield code="g">89.00</subfield>
    <subfield code="o">A 953.174924 IBS V-7 1930-33</subfield>
    <subfield code="r">2022-01-25 00:00:00</subfield>
    <subfield code="t">C-1</subfield>
    <subfield code="y">BK</subfield>
  </datafield>
</record>
